00946nam a2200241 a 450000100100000000500170001000800410002704000250006808200230009310000370011624500530015325000120020626000360021830000330025450400320028759000260031965000220034565000350036791000370040295201210043995201270056099900170068700002169120240510073816.0100910s1992 dr a 000 0 spa d aDO-SdBNPbspacBNPHU a146.3bG633d, 19921 aGómez Fermín, Luis B.94511910aDel ser al infinito /cLuis B. Gómez Fermín. a2ª ed. aSanto Domingo :bFuente,c1992. axii, 186 p. :bil. ;c22 cm. aBibliografía : p. 183-184 aInventariado, 2018/LP 0aFilosofía 9813 4aMaterialismo dialéctico9845 aValidado. Control de calidad EMS 0010718PDaPDbPDcHDd2010-09-10iLF1l0o146.3 G633d, 1992p21691-10r2020-06-25w2020-06-25yLFPDZNo se presta 0011718PDaPDbPDcMId2011-02-23iLF1l0o146.3 G633d, 1992p21691-20r2020-06-25te. 2w2020-06-25yLFPDZNo se presta c21190d21190